<?xml version="1.0" encoding="UTF-8"?>
<record
    xmlns:xsi="http://www.w3.org/2001/XMLSchema-instance"
    xsi:schemaLocation="http://www.loc.gov/MARC21/slim http://www.loc.gov/standards/marcxml/schema/MARC21slim.xsd"
    xmlns="http://www.loc.gov/MARC21/slim">

  <leader>03302nam a2200349 a 4500</leader>
  <controlfield tag="001">000046833</controlfield>
  <controlfield tag="003">DO-SdBNP</controlfield>
  <controlfield tag="005">20240305082246.0</controlfield>
  <controlfield tag="007">ta</controlfield>
  <controlfield tag="008">180402s2015    dr      r     000 0 spa d</controlfield>
  <datafield tag="020" ind1=" " ind2=" ">
    <subfield code="z">9789945443622</subfield>
  </datafield>
  <datafield tag="020" ind1=" " ind2=" ">
    <subfield code="z">9789945582246</subfield>
  </datafield>
  <datafield tag="040" ind1=" " ind2=" ">
    <subfield code="a">DO-SdBNP</subfield>
    <subfield code="b">spa</subfield>
    <subfield code="c">BNPHU</subfield>
    <subfield code="e">rda</subfield>
  </datafield>
  <datafield tag="082" ind1=" " ind2="4">
    <subfield code="b">P438e</subfield>
    <subfield code="2">22</subfield>
  </datafield>
  <datafield tag="100" ind1="1" ind2=" ">
    <subfield code="a">P&#xE9;rez Mem&#xE9;n, Fernando,</subfield>
    <subfield code="d">1943-</subfield>
    <subfield code="e">autor</subfield>
    <subfield code="9">38744</subfield>
  </datafield>
  <datafield tag="245" ind1="1" ind2="0">
    <subfield code="a">Ensayos sobre historia social, pol&#xED;tica y cultural de la Rep&#xFA;blica Dominicana y de M&#xE9;xico /</subfield>
    <subfield code="c">Fernando P&#xE9;rez Mem&#xE9;n ; edici&#xF3;n, Jos&#xE9; Alc&#xE1;ntara Alm&#xE1;nzar, Elvis Francis Soto</subfield>
  </datafield>
  <datafield tag="264" ind1=" " ind2=" ">
    <subfield code="a">Santo Domingo :</subfield>
    <subfield code="b">Banco Central de la Rep&#xFA;blica Dominicana,</subfield>
    <subfield code="c">2015.</subfield>
  </datafield>
  <datafield tag="300" ind1=" " ind2=" ">
    <subfield code="a">398 p&#xE1;ginas ;</subfield>
    <subfield code="c">23 cm.</subfield>
  </datafield>
  <datafield tag="336" ind1=" " ind2=" ">
    <subfield code="2">rdacontent</subfield>
    <subfield code="a">texto</subfield>
    <subfield code="b">txt</subfield>
  </datafield>
  <datafield tag="337" ind1=" " ind2=" ">
    <subfield code="2">rdamedia</subfield>
    <subfield code="a">sin mediaci&#xF3;n</subfield>
    <subfield code="b">n</subfield>
  </datafield>
  <datafield tag="338" ind1=" " ind2=" ">
    <subfield code="2">rdacarrier</subfield>
    <subfield code="a">volumen</subfield>
    <subfield code="b">nc</subfield>
  </datafield>
  <datafield tag="490" ind1=" " ind2=" ">
    <subfield code="a">Banco Central de la Rep&#xFA;blica Dominicana</subfield>
    <subfield code="v">213</subfield>
  </datafield>
  <datafield tag="490" ind1=" " ind2=" ">
    <subfield code="a">Ciencias sociales</subfield>
    <subfield code="v">36</subfield>
  </datafield>
  <datafield tag="500" ind1=" " ind2=" ">
    <subfield code="a">Incluye referencias bibliogr&#xE1;ficas y notas al pie de las p&#xE1;ginas e &#xED;ndice onom&#xE1;stico</subfield>
  </datafield>
  <datafield tag="500" ind1=" " ind2=" ">
    <subfield code="a">Incluye datos biogr&#xE1;ficos del autor en las solapas</subfield>
  </datafield>
  <datafield tag="505" ind1="0" ind2=" ">
    <subfield code="a">1. Conquista y colonizaci&#xF3;n. Iglesia, sociedad y pol&#xED;tica -- El indio y el negro en la visi&#xF3;n de la Iglesia y el Estado -- El serm&#xF3;n de Montesinos en M&#xE9;xico -- La Santa Sede y Santo Domingo en el siglo XVI -- La pol&#xED;tica religiosa de Toussaint L'Overtoure en Santo Domingo -- La idea de la soberan&#xED;a durante la Espa&#xF1;a Boba -- II. Independencia y Restauraci&#xF3;n. Ideas pol&#xED;ticas y sociales -- La Santa Sede &#xBF;Primer Estado en reconocer la independencia dominicana? -- El proyecto de constituci&#xF3;n de Duarte -- Pensamiento pol&#xED;tico y social de Hidalgo y de Duarte -- Sentido y valor de la Guerra de la Restauraci&#xF3;n -- Ju&#xE1;rez, Duarte y Luper&#xF3;n y el liberalismo democr&#xE1;tico -- III. Instituciones pol&#xED;ticas y cultura -- Pedro Henr&#xED;quez Ure&#xF1;a y la Revoluci&#xF3;n Mexicana -- La Rebeli&#xF3;n de los Cristeros -- La influencia de Hostos en la educaci&#xF3;n dominicana -- Las relaciones entre las Iglesias y el Estado de la Rep&#xFA;blica Dominicana (1924-1966) -- Las hermanas Mirabal y el final de la Era de Trujillo -- El magisterio democr&#xE1;tico de Juan Bosch -- Juan Bosch, dominicano universal -- Joaqu&#xED;n Balaguer: Orador parlamentario y acad&#xE9;mico -- IV. Examen de libros -- Vivas en su jard&#xED;n, de Do&#xF1;a Ded&#xE9; Mirabal -- La ciudad de La Vega en el meridiano hist&#xF3;rico de la universalidad, de Josef P&#xE9;rez Stefan -- De lo privado a lo p&#xFA;blico, del ingeniero Carlos Morales Troncoso -- Un momento I, de Monse&#xF1;or Ram&#xF3;n Benito de la Rosa y Carpio -- Rep&#xFA;blica Dominicana. Identidad y herencias etnoculturales ind&#xED;genas, de Jes&#xFA;s Mar&#xED;a Serna Moreno -- El incidente del trasatl&#xE1;ntico Cuba. Una historia del exilio republicano espa&#xF1;ol en la sociedad dominicana, 1938-1944, de Juan B. Alfonseca Giner de los R&#xED;os -- Las relaciones del Estado Dominicano con la Santa Sede y la Iglesia Cat&#xF3;lica, de Jos&#xE9; Altagracia Hazim Azar -- Los carpinteros, de Joaqu&#xED;n Balaguer -- Las bases de la naci&#xF3;n fuentes de virtudes ciudadanas, de Ito Bison&#xF3; -- Jos&#xE9; N&#xFA;&#xF1;ez de C&#xE1;ceres, un v&#xED;nculo</subfield>
  </datafield>
  <datafield tag="590" ind1=" " ind2=" ">
    <subfield code="a">Inventariado, 2018 /LP</subfield>
  </datafield>
  <datafield tag="700" ind1="1" ind2=" ">
    <subfield code="a">Alc&#xE1;ntara Alm&#xE1;nzar, Jos&#xE9;,</subfield>
    <subfield code="e">edici&#xF3;n</subfield>
  </datafield>
  <datafield tag="700" ind1="1" ind2=" ">
    <subfield code="a">Soto, Elvis Francis,</subfield>
    <subfield code="e">edici&#xF3;n</subfield>
    <subfield code="9">39156</subfield>
  </datafield>
  <datafield tag="910" ind1=" " ind2=" ">
    <subfield code="a">Btav&#xE1;rez</subfield>
  </datafield>
  <datafield tag="942" ind1=" " ind2=" ">
    <subfield code="2">ddc</subfield>
    <subfield code="c">LBS1</subfield>
  </datafield>
  <datafield tag="952" ind1=" " ind2=" ">
    <subfield code="0">0</subfield>
    <subfield code="1">0</subfield>
    <subfield code="2">ddc</subfield>
    <subfield code="5">6</subfield>
    <subfield code="7">0</subfield>
    <subfield code="8">DS</subfield>
    <subfield code="a">BNPHU</subfield>
    <subfield code="b">BNPHU</subfield>
    <subfield code="c">HD</subfield>
    <subfield code="d">2018-04-02</subfield>
    <subfield code="l">0</subfield>
    <subfield code="o"> BNPHU DS P438e</subfield>
    <subfield code="p">46833-30</subfield>
    <subfield code="r">2020-06-25</subfield>
    <subfield code="t">e. 3</subfield>
    <subfield code="w">2020-06-25</subfield>
    <subfield code="y">LBS1</subfield>
  </datafield>
  <datafield tag="952" ind1=" " ind2=" ">
    <subfield code="0">0</subfield>
    <subfield code="1">0</subfield>
    <subfield code="2">ddc</subfield>
    <subfield code="5">6</subfield>
    <subfield code="7">0</subfield>
    <subfield code="8">DS</subfield>
    <subfield code="a">BNPHU</subfield>
    <subfield code="b">BNPHU</subfield>
    <subfield code="c">HD</subfield>
    <subfield code="d">2018-06-21</subfield>
    <subfield code="l">0</subfield>
    <subfield code="o">BNPHU DS P438e</subfield>
    <subfield code="p">46833-40</subfield>
    <subfield code="r">2020-06-25</subfield>
    <subfield code="t">e. 4</subfield>
    <subfield code="w">2020-06-25</subfield>
    <subfield code="y">LBS1</subfield>
    <subfield code="Z">Pr&#xE9;stamo en sala</subfield>
  </datafield>
  <datafield tag="952" ind1=" " ind2=" ">
    <subfield code="0">0</subfield>
    <subfield code="1">0</subfield>
    <subfield code="2">ddc</subfield>
    <subfield code="5">1</subfield>
    <subfield code="7">0</subfield>
    <subfield code="8">PD</subfield>
    <subfield code="a">BNPHU</subfield>
    <subfield code="b">BNPHU</subfield>
    <subfield code="c">HD</subfield>
    <subfield code="d">2018-04-02</subfield>
    <subfield code="l">0</subfield>
    <subfield code="o">BNPHU PD P438e</subfield>
    <subfield code="p">46833-10</subfield>
    <subfield code="r">2020-06-25</subfield>
    <subfield code="w">2020-06-25</subfield>
    <subfield code="y">LBS1</subfield>
  </datafield>
  <datafield tag="952" ind1=" " ind2=" ">
    <subfield code="0">0</subfield>
    <subfield code="1">0</subfield>
    <subfield code="2">ddc</subfield>
    <subfield code="5">1</subfield>
    <subfield code="7">0</subfield>
    <subfield code="8">PD</subfield>
    <subfield code="a">BNPHU</subfield>
    <subfield code="b">BNPHU</subfield>
    <subfield code="c">HD</subfield>
    <subfield code="d">2018-04-02</subfield>
    <subfield code="l">0</subfield>
    <subfield code="o">BNPHU PD P438e</subfield>
    <subfield code="p">46833-20</subfield>
    <subfield code="r">2020-06-25</subfield>
    <subfield code="t">e. 2</subfield>
    <subfield code="w">2020-06-25</subfield>
    <subfield code="y">LBS1</subfield>
  </datafield>
  <datafield tag="952" ind1=" " ind2=" ">
    <subfield code="0">0</subfield>
    <subfield code="1">0</subfield>
    <subfield code="2">ddc</subfield>
    <subfield code="5">6</subfield>
    <subfield code="7">0</subfield>
    <subfield code="8">DS</subfield>
    <subfield code="a">BNPHU</subfield>
    <subfield code="b">BNPHU</subfield>
    <subfield code="c">HD</subfield>
    <subfield code="d">2023-10-02</subfield>
    <subfield code="e">Donaci&#xF3;n</subfield>
    <subfield code="l">0</subfield>
    <subfield code="o">BNPHU DS P438e</subfield>
    <subfield code="p">2023-6566</subfield>
    <subfield code="r">2023-10-02</subfield>
    <subfield code="t">e.5</subfield>
    <subfield code="w">2023-10-02</subfield>
    <subfield code="y">LBS1</subfield>
  </datafield>
  <datafield tag="999" ind1=" " ind2=" ">
    <subfield code="c">46322</subfield>
    <subfield code="d">46322</subfield>
  </datafield>
</record>
